UM Logo

Research methods: (Record no. 17189)

MARC details
000 -LEADER
fixed length control field 02691cam a22003978i 4500
001 - CONTROL NUMBER
control field 22154086
003 - CONTROL NUMBER IDENTIFIER
control field OSt
005 - DATE AND TIME OF LATEST TRANSACTION
control field 20220711100600.0
008 - FIXED-LENGTH DATA ELEMENTS--GENERAL INFORMATION
fixed length control field 210728s2022 enk b 001 0 eng
010 ## - LIBRARY OF CONGRESS CONTROL NUMBER
LC control number 2021032284
020 ## - INTERNATIONAL STANDARD BOOK NUMBER
International Standard Book Number 9780367694074
Qualifying information (hardback)
020 ## - INTERNATIONAL STANDARD BOOK NUMBER
International Standard Book Number 9780367694081
Qualifying information (paperback)
020 ## - INTERNATIONAL STANDARD BOOK NUMBER
Canceled/invalid ISBN 9781003141693
Qualifying information (ebook)
040 ## - CATALOGING SOURCE
Original cataloging agency DLC
Language of cataloging eng
Description conventions rda
Transcribing agency DLC
042 ## - AUTHENTICATION CODE
Authentication code pcc
050 00 - LIBRARY OF CONGRESS CALL NUMBER
Classification number H62
Item number .W254 2022
082 00 - DEWEY DECIMAL CLASSIFICATION NUMBER
Classification number 2022
Edition number DC 001.42
Item number W157
100 1# - MAIN ENTRY--PERSONAL NAME
Personal name Walliman, Nicholas,
Relator term author.
9 (RLIN) 45654
245 10 - TITLE STATEMENT
Title Research methods:
Remainder of title the basics /
Statement of responsibility, etc. Nicholas Walliman.
250 ## - EDITION STATEMENT
Edition statement Third edition.
263 ## - PROJECTED PUBLICATION DATE
Projected publication date 2112
264 #1 - PRODUCTION, PUBLICATION, DISTRIBUTION, MANUFACTURE, AND COPYRIGHT NOTICE
Place of production, publication, distribution, manufacture Abingdon, Oxon ;
-- New York, NY :
Name of producer, publisher, distributor, manufacturer Routledge,
Date of production, publication, distribution, manufacture, or copyright notice 2022.
300 ## - PHYSICAL DESCRIPTION
Extent viii, 265 pages:
Other physical details illustrations;
Dimensions 20 cm.
336 ## - CONTENT TYPE
Content type term text
Content type code txt
Source rdacontent
337 ## - MEDIA TYPE
Media type term unmediated
Media type code n
Source rdamedia
338 ## - CARRIER TYPE
Carrier type term volume
Carrier type code nc
Source rdacarrier
490 0# - SERIES STATEMENT
Series statement The basics
500 ## - GENERAL NOTE
General note Includes glossary, bibliographical references and index.
520 ## - SUMMARY, ETC.
Summary, etc. "Research Methods: The Basics is an accessible, user-friendly introduction to the different aspects of research theory, methods and practice. This third edition provides an expanded and fully updated resource suitable for students and practitioners in a wide range of disciplines including the natural sciences, social sciences and humanities. It is structured in two parts - the first covers the nature of knowledge and the reasons for doing research, the second explains the specific methods used to conduct an effective research project and how to propose, plan, carry out and write up a research project. This book covers: Reasons for doing a research project ; Structuring and planning a research project ; The ethical issues involved in research ; Different types of data and how they are measured ; Collecting primary and secondary data ; Analysing qualitative and quantitative data ; Mixed methods and interdisciplinary research ; Devising a research proposal and writing up the research ; Motivation and quality of work. Complete with student learning tasks at the end of each section, a glossary of key terms and guides to further reading, Research Methods: The Basics is the essential text for anyone coming to research for the first time"--
Assigning source Provided by publisher.
650 #0 - SUBJECT ADDED ENTRY--TOPICAL TERM
Topical term or geographic name as entry element Social sciences
General subdivision Research
-- Methodology.
9 (RLIN) 45655
650 #0 - SUBJECT ADDED ENTRY--TOPICAL TERM
Topical term or geographic name as entry element Humanities
General subdivision Research
-- Methodology.
9 (RLIN) 45656
776 08 - ADDITIONAL PHYSICAL FORM ENTRY
Relationship information Online version:
Main entry heading Walliman, Nicholas.
Title Research methods
Edition Third edition.
Place, publisher, and date of publication Abingdon, Oxon ; New York, NY : Routledge, 2022
International Standard Book Number 9781003141693
Record control number (DLC) 2021032285
906 ## - LOCAL DATA ELEMENT F, LDF (RLIN)
a 7
b cbc
c orignew
d 1
e ecip
f 20
g y-gencatlg
942 ## - ADDED ENTRY ELEMENTS (KOHA)
Source of classification or shelving scheme Dewey Decimal Classification
Koha item type Circulation
Holdings
Withdrawn status Lost status Source of classification or shelving scheme Damaged status Not for loan Collection code Home library Current library Shelving location Date acquired Source of acquisition Cost, normal purchase price Total Checkouts Full call number Barcode Date last seen Date last checked out Copy number Price effective from Koha item type
    Dewey Decimal Classification     Circulation UM Digos College - LIC UM Digos College - LIC Book Cart 07/05/2022 Purchased 2718.00 1 DC 001.42 W157 2022 26593 09/18/2025 09/12/2025 1 07/11/2022 Circulation
    Dewey Decimal Classification     Circulation UM Digos College - LIC UM Digos College - LIC Book Cart 04/26/2023 Purchased 2718.00 4 DC 001.42 W157 2022 28047 07/07/2025 06/25/2025 2 02/27/2024 Circulation